| 000 | 00656nam a2200193 a 4500 | ||
|---|---|---|---|
| 001 | 000022420 | ||
| 005 | 20200930011725.0 | ||
| 008 | 101011s2009 dr 001 0 spa d | ||
| 020 | _a9789993497080 | ||
| 040 |
_aDO-SdBNP _bspa _cBNPHU |
||
| 100 | 1 |
_aSantana, Manuel _91606 |
|
| 245 | 1 | 0 |
_aPerfil de la iglesia evangélica en la sociedad / _cManuel Santana ; prólogo Manuel Rivera. |
| 260 |
_aSanto Domingo : _bArtes Antillanas, _c2009. |
||
| 300 |
_a143 p. ; _c22 cm. |
||
| 500 | _aIncluye referencias bibliográficas y notas al pie de las páginas | ||
| 504 | _aBibliografía : p. 141-142 | ||
| 700 | 1 |
_aRivera, Manuel _epról. _946220 |
|
| 049 | _aBNPD | ||
| 999 |
_c21918 _d21918 |
||